| 000 | 003350000a22001450004500 | ||
|---|---|---|---|
| 001 | 005386 | ||
| 003 | MACL | ||
| 040 | _aMACL | ||
| 090 |
_c17379 _d17378 |
||
| 245 |
_aBartanvi Hukoomat e H _bBurni Molvi Mohd Ilyas |
||
| 260 |
_aDaruttaba Jamia Usmania H'Bad, _c1919 |
||
| 350 | _a3.00 | ||
| 650 | _aUrdu Literature | ||
| 942 |
_k891 _cBook |
||
| 999 |
_c17268 _d17268 |
||